000 01702nam0a2200337 4500
001 RU\NLR\bibl\1422066
005 20250615214832.0
010 _a978-5-9948-0164-2
_9200
021 _aRU
_b2009-63102
_93892
035 _a(NLR Aleph) 001414005
090 _a1300468
_c1300468
100 _a20091009d2008 |||y0rusy50 ca
101 0 _arus
102 _aRU
105 _aa |||||||||
200 1 _aХроматографические методы анализа
_eучебное пособие
_e[для студентов, обучающихся по направлениям 550800, 552400 и специальностям 320700, 250100]
_fР.В. Брунилин, Б.С. Орлинсон, С.С. Радченко
_gФедер. агентство по образованию, Волгогр. гос. техн. ун-т
210 _aВолгоград
_cВолгоградский государственный технический университет
_d2008
215 _a46, [2] с.
_cил.
_d21
320 _aБиблиогр. в конце кн. (10 назв.)
606 1 _aХроматографический анализ
_jУчебные издания для высших учебных заведений
_91363786
_3RU\NLR\auth\66570803
686 _aГ471я73-1
700 1 _aБрунилин
_bР. В.
_gРоман Владимирович
_4070
701 1 _aОрлинсон
_bБ. С.
_gБорис Семенович
_4070
701 1 _aРадченко
_bС. С.
_gСтанислав Сергеевич
_4070
801 0 _aRU
_bNLR
_c20091009
_gRCR
801 1 _aRU
_bNLR
_c20091009
830 _aАвт. по кн.
942 _cBOOK
980 _aNB
980 _aNBR